Charlemagne, sa vie et son oeuvre /

محفوظ في:

المؤلف الرئيسي: Calmette, Joseph, 1873-1952 (مؤلف)

التنسيق: كتاب

اللغة: French

منشور في: Paris : A. Michel, [1945].

الموضوعات:

الوسوم: إضافة وسم

لا توجد وسوم, كن أول من يضع وسما على هذه التسجيلة!

رقم الطلب: DC73 .C2 1945

LEADER 00677nam a2200229La 4500
001 7552
003 OSt
005 20251211111108.0
008 130303s1945 fr bcf b 000 0bfre d
010 |a 46022123 
040 |c ARCE Library 
043 |a e------ 
050 4 |a DC73 .C2 1945 
100 1 |a Calmette, Joseph,  |d 1873-1952,  |e author  |9 27650 
245 1 0 |a Charlemagne, sa vie et son oeuvre /  |c Joseph Calmette. 
264 1 |a Paris :  |b A. Michel,  |c [1945]. 
300 |a 318 pages :   |b plates, ports., fold. map ;   |c 21 cm. 
504 |a Includes bibliographical references. 
600 0 0 |a Charlemagne,  |c Emperor,  |d 742-814.  |9 27918 
901 |a reviewed 
942 |c BK  |2 lcc 
999 |c 9173  |d 9173